[Event "Titled Tuesday intern op 16th Apr Early"]
[Site "Chess.com INT"]
[Date "2024.04.16"]
[Round "2"]
[White "Omariev, Maksim"]
[Black "Piesik, Piotr"]
[Result "1-0"]
[WhiteElo "2304"]
[BlackElo "2417"]
[PlyCount "93"]
[EventDate "2024.04.16"]
[EventType "swiss (blitz)"]
[EventRounds "11"]
[EventCountry "USA"]
[SourceTitle "CB17_2024"]
[SourceDate "2024.04.24"]
[SourceVersion "1"]
[SourceVersionDate "2024.04.24"]
[SourceQuality "1"]

1. g4 d5 2. Bg2 c6 3. h3 h5 4. g5 h4 5. d4 Bf5 6. c4 e6 7. Nc3 Nd7 8. f3 Bd6 9. e4 Bg3+ 10. Kf1 dxe4 11. fxe4 Bg6 12. Nge2 Bc7 13. Be3 Ne7 14. Qd2 c5 15. dxc5 Ne5 16. b3 Qxd2 17. Bxd2 0-0-0 18. Rd1 N7c6 19. Nf4 a6 20. Kf2 Bh5 21. Nce2 Bxe2 22. Kxe2 Nd4+ 23. Kf2 Nd7 24. Be3 Nc2 25. Nd3 Nxe3 26. Kxe3 Rh5 27. g6 fxg6 28. Bf3 Rg5 29. Bg4 Re8 30. b4 a5 31. a3 axb4 32. axb4 Nf6 33. Rhg1 Nxg4+ 34. Rxg4 Rxg4 35. hxg4 h3 36. Rh1 h2 37. e5 Rh8 38. Kf4 Kd7 39. Kg3 g5 40. Rxh2 Ra8 41. Kf3 Ra3 42. Ke4 Ke7 43. Rh5 Ra1 44. Rxg5 Kf7 45. Rh5 Rd1 46. Rh8 Rd2 47. Rc8 1-0

[Event "Titled Tuesday intern op 16th Apr Early"]
[Site "Chess.com INT"]
[Date "2024.04.16"]
[Round "6"]
[White "Piesik, Piotr"]
[Black "Orzech, Dominik"]
[Result "1-0"]
[WhiteElo "2417"]
[BlackElo "2248"]
[PlyCount "69"]
[EventDate "2024.04.16"]
[EventType "swiss (blitz)"]
[EventRounds "11"]
[EventCountry "USA"]
[SourceTitle "CB17_2024"]
[SourceDate "2024.04.24"]
[SourceVersion "1"]
[SourceVersionDate "2024.04.24"]
[SourceQuality "1"]

1. e4 c5 2. Nf3 Nc6 3. Bb5 Qc7 4. c3 a6 5. Ba4 Nf6 6. Qe2 b5 7. Bc2 Bb7 8. 0-0 Rc8 9. d3 e6 10. Bg5 Be7 11. Bh4 0-0 12. a4 d6 13. Nbd2 Nh5 14. Bg3 Nxg3 15. hxg3 d5 16. exd5 exd5 17. axb5 axb5 18. Nh4 Bf6 19. Nf5 Rfe8 20. Qg4 Ne5 21. Qh3 d4 22. Rfe1 dxc3 23. bxc3 Rcd8 24. d4 Ng6 25. Rxe8+ Rxe8 26. Bd3 cxd4 27. cxd4 Qc3 28. Ra7 Bc8 29. Bxb5 Qxd2 30. Bxe8 Qe1+ 31. Kh2 Qxe8 32. Ra8 Qf8 33. Rxc8 Qxc8 34. Nh6+ gxh6 35. Qxc8+ 1-0

[Event "Titled Tuesday intern op 16th Apr Early"]
[Site "Chess.com INT"]
[Date "2024.04.16"]
[Round "9"]
[White "Rustemov, Alexander"]
[Black "Piesik, Piotr"]
[Result "1/2-1/2"]
[WhiteElo "2525"]
[BlackElo "2417"]
[PlyCount "166"]
[EventDate "2024.04.16"]
[EventType "swiss (blitz)"]
[EventRounds "11"]
[EventCountry "USA"]
[SourceTitle "CB17_2024"]
[SourceDate "2024.04.24"]
[SourceVersion "1"]
[SourceVersionDate "2024.04.24"]
[SourceQuality "1"]

1. d4 Nf6 2. c4 e6 3. Nf3 b6 4. a3 Bb7 5. Nc3 d5 6. Bg5 Nbd7 7. cxd5 exd5 8. e3 h6 9. Bh4 a6 10. Bd3 Bd6 11. Qc2 0-0 12. 0-0 Re8 13. b4 c5 14. bxc5 bxc5 15. dxc5 Nxc5 16. Bf5 Be7 17. Rfd1 Qa5 18. Nd4 Rad8 19. h3 Nfe4 20. Bxe7 Rxe7 21. Nce2 Qc7 22. Rac1 Qe5 23. Bxe4 Nxe4 24. Nf3 Qf6 25. Ned4 Rc8 26. Qb2 Rec7 27. Rxc7 Rxc7 28. Rc1 Qd8 29. Rxc7 Qxc7 30. g3 Bc8 31. Kg2 g5 32. Qc2 Qxc2 33. Nxc2 a5 34. Nfd4 Kf8 35. Nb3 a4 36. Nbd4 Bd7 37. Nb4 Nc3 38. h4 Ke7 39. hxg5 hxg5 40. Kf1 Kd6 41. Ke1 f6 42. Nd3 Nb1 43. Nc2 Bb5 44. Ndb4 Bc4 45. Kd1 Ke5 46. Kc1 Nc3 47. Kd2 Ne4+ 48. Ke1 g4 49. Nc6+ Kd6 50. N6d4 Nc3 51. Kd2 Ne4+ 52. Ke1 Nc5 53. Nf5+ Ke5 54. Nh6 f5 55. Nd4 Bd3 56. Kd2 Be4 57. Nf7+ Kf6 58. Nd6 Nd3 59. Ke2 Nb2 60. N6b5 Nc4 61. Nc3 Nxa3 62. Nxa4 Nc4 63. Nc3 Ke5 64. Ke1 Nb2 65. Nce2 Nd3+ 66. Kf1 Bf3 67. Nf4 Be4 68. Nxd3+ Bxd3+ 69. Ke1 Ke4 70. Ne6 Bc4 71. Kd2 Kf3 72. Ke1 Ke4 73. Nd4 Bd3 74. Nb3 Bc4 75. Nd2+ Kd3 76. Kd1 Kc3 77. Ke1 Kd3 78. Kd1 Kc3 79. Nb1+ Kd3 80. Na3 Bb3+ 81. Ke1 Ba4 82. Nb1 Bb5 83. Nd2 Bc4 1/2-1/2

[Event "Titled Tuesday intern op 02nd Apr Early"]
[Site "Chess.com INT"]
[Date "2024.04.02"]
[Round "2"]
[White "Piesik, Piotr"]
[Black "Teiitbaev, Aktilek"]
[Result "1-0"]
[WhiteElo "2417"]
[BlackElo "2094"]
[PlyCount "59"]
[EventDate "2024.04.02"]
[EventType "swiss (blitz)"]
[EventRounds "11"]
[EventCountry "USA"]
[SourceTitle "CB15_2024"]
[SourceDate "2024.04.10"]
[SourceVersion "1"]
[SourceVersionDate "2024.04.10"]
[SourceQuality "1"]

1. Nf3 Nf6 2. g3 d5 3. Bg2 Bg4 4. 0-0 Nbd7 5. d3 e6 6. Nbd2 Be7 7. h3 Bxf3 8. Bxf3 0-0 9. e4 dxe4 10. dxe4 c6 11. a4 a5 12. b3 Ne5 13. Bg2 Qd4 14. Rb1 Rfd8 15. Qe2 Ng6 16. Nc4 Rab8 17. Be3 Qc3 18. Bb6 Bb4 19. Bxd8 Rxd8 20. Rbd1 Rxd1 21. Rxd1 h5 22. e5 Nd5 23. Rd3 Qa1+ 24. Kh2 h4 25. Qe4 hxg3+ 26. fxg3 Bc3 27. h4 Nxe5 28. Rxc3 Qxc3 29. Nxe5 Qxc2 30. Qxc2 1-0

[Event "Titled Tuesday intern op 12th Mar Late"]
[Site "Chess.com INT"]
[Date "2024.03.12"]
[Round "7"]
[White "Piesik, Piotr"]
[Black "Palencia Morales, Wilson Guillermo"]
[Result "1-0"]
[WhiteElo "2409"]
[BlackElo "2180"]
[PlyCount "29"]
[EventDate "2024.03.12"]
[EventType "swiss (blitz)"]
[EventRounds "11"]
[EventCountry "USA"]
[SourceTitle "CB12_2024"]
[SourceDate "2023.10.01"]
[SourceVersion "1"]
[SourceVersionDate "2023.10.01"]
[SourceQuality "1"]

1. Nf3 c5 2. g3 g6 3. Bg2 Bg7 4. 0-0 Nc6 5. c3 e5 6. e4 Nge7 7. Na3 0-0 8. d3 d6 9. Be3 f5 10. Ng5 Qe8 11. Nb5 f4 12. Bd2 Bf6 13. Qb3+ Kg7 14. Nc7 Na5 15. Nxe8+ 1-0

[Event "Titled Tuesday intern op 12th Mar Late"]
[Site "Chess.com INT"]
[Date "2024.03.12"]
[Round "3"]
[White "Piesik, Piotr"]
[Black "Reprintsev, Alexander"]
[Result "1-0"]
[WhiteElo "2409"]
[BlackElo "2241"]
[PlyCount "93"]
[EventDate "2024.03.12"]
[EventType "swiss (blitz)"]
[EventRounds "11"]
[EventCountry "USA"]
[SourceTitle "CB12_2024"]
[SourceDate "2023.10.01"]
[SourceVersion "1"]
[SourceVersionDate "2023.10.01"]
[SourceQuality "1"]

1. Nf3 e6 2. g3 f5 3. Bg2 Nf6 4. 0-0 Be7 5. d3 0-0 6. c4 c6 7. Nbd2 d5 8. e4 fxe4 9. dxe4 Na6 10. e5 Ne4 11. Nxe4 dxe4 12. Qxd8 Bxd8 13. Ng5 Bc7 14. Bf4 h6 15. Nxe4 g5 16. Be3 Bxe5 17. Rab1 b6 18. b4 Nc7 19. Nd2 Bb7 20. b5 Rad8 21. bxc6 Bc8 22. Nb3 Ba6 23. Rbc1 Bb2 24. Rc2 Ba3 25. Rb1 Rf5 26. Nd4 Rf6 27. Nb5 Bxb5 28. cxb5 Rf5 29. Bh3 Re5 30. Rb3 Bf8 31. a4 Kf7 32. Bf1 Rd1 33. Kg2 Bd6 34. Be2 Ra1 35. Rd3 Ke7 36. Bd4 Rxa4 37. Bxe5 Bxe5 38. Rd7+ Kf6 39. Bc4 Rb4 40. Kf3 h5 41. h3 g4+ 42. hxg4 hxg4+ 43. Ke2 Ra4 44. Bd3 Rb4 45. Ra2 Nxb5 46. Bxb5 Rxb5 47. Rc2 1-0

[Event "Titled Tuesday intern op 13th Feb Early"]
[Site "Chess.com INT"]
[Date "2024.02.13"]
[Round "9"]
[White "Piesik, Piotr"]
[Black "Rakhmatullaev, Almas"]
[Result "1/2-1/2"]
[WhiteElo "2426"]
[BlackElo "2426"]
[PlyCount "147"]
[EventDate "2024.02.13"]
[EventType "swiss (blitz)"]
[EventRounds "11"]
[EventCountry "USA"]
[SourceTitle "CB08_2024"]
[SourceDate "2024.02.21"]
[SourceVersion "1"]
[SourceVersionDate "2024.02.21"]
[SourceQuality "1"]

1. Nf3 d5 2. g3 e6 3. Bg2 Nf6 4. 0-0 Be7 5. d3 b6 6. Nbd2 Bb7 7. e4 c5 8. Qe2 Nc6 9. c3 Qc7 10. Re1 0-0-0 11. a3 h5 12. b4 h4 13. Ng5 hxg3 14. hxg3 d4 15. c4 Rh5 16. Nxf7 Rf8 17. e5 Nxe5 18. Nxe5 Rfh8 19. Ndf3 Bd6 20. Ng6 Re8 21. Nfh4 e5 22. Bxb7+ Qxb7 23. bxc5 Bxc5 24. g4 Rh7 25. Bg5 e4 26. Bxf6 gxf6 27. dxe4 Qd7 28. Qf3 d3 29. Qf5 Re6 30. Nf4 Re5 31. Qxd7+ Rxd7 32. Nf3 d2 33. Nxe5 dxe1Q+ 34. Rxe1 fxe5 35. Nd5 Rg7 36. Ne3 Bxa3 37. f3 Bc5 38. Kg2 a5 39. Nd5 a4 40. Rb1 Kb7 41. Kg3 a3 42. Kh4 Kc6 43. g5 Ra7 44. Nc3 Bd4 45. Na2 Kc5 46. Rb4 Bc3 47. Rb5+ Kxc4 48. Rxb6 Bd4 49. Rb8 Rg7 50. Kh5 Kd3 51. g6 Be3 52. Rb3+ Ke2 53. Rxa3 Kxf3 54. Nc3 Rg8 55. Ra7 Bxa7 56. Kh6 Bc5 57. Kh7 Rc8 58. g7 Bd4 59. Nd5 Kxe4 60. Nf6+ Kf5 61. g8Q Rxg8 62. Nxg8 e4 63. Ne7+ Ke6 64. Nc6 Be5 65. Nb4 e3 66. Nc2 e2 67. Kg6 Kd5 68. Kf5 Bg3 69. Kg4 Ke4 70. Kxg3 Kd3 71. Ne1+ Kd2 72. Kf2 Kd1 73. Nf3 e1Q+ 74. Nxe1 1/2-1/2

[Event "Titled Tuesday intern op 13th Feb Early"]
[Site "Chess.com INT"]
[Date "2024.02.13"]
[Round "4"]
[White "Zirkelbach, Maj"]
[Black "Piesik, Piotr"]
[Result "0-1"]
[WhiteElo "2261"]
[BlackElo "2426"]
[PlyCount "82"]
[EventDate "2024.02.13"]
[EventType "swiss (blitz)"]
[EventRounds "11"]
[EventCountry "USA"]
[SourceTitle "CB08_2024"]
[SourceDate "2024.02.21"]
[SourceVersion "1"]
[SourceVersionDate "2024.02.21"]
[SourceQuality "1"]

1. d4 c5 2. d5 e5 3. Nc3 d6 4. e4 Be7 5. Bb5+ Nd7 6. Nf3 a6 7. Bd3 b5 8. a4 b4 9. Ne2 Ngf6 10. 0-0 c4 11. Bxc4 Nxe4 12. c3 bxc3 13. Nxc3 Nxc3 14. bxc3 Qc7 15. Qe2 Nb6 16. Nd2 0-0 17. a5 Nxc4 18. Nxc4 Bb7 19. Nb6 Rab8 20. c4 f5 21. f4 Bf6 22. Ra2 Rbe8 23. fxe5 Bxe5 24. Qf2 f4 25. Kh1 Bc8 26. Bb2 Bg4 27. h3 Bh5 28. Bxe5 Rxe5 29. Rc2 f3 30. g4 Bg6 31. Rc3 Re2 32. Qg3 Be4 33. c5 Rg2 34. Qxd6 Qxd6 35. cxd6 f2 36. Rcc1 Rg1+ 37. Kh2 Rxf1 38. Rxf1 Bd3 39. Rd1 f1Q 40. Rxf1 Bxf1 41. Kg3 Bb5 0-1

[Event "Titled Tuesday intern op 06th Feb Early"]
[Site "Chess.com INT"]
[Date "2024.02.06"]
[Round "4"]
[White "Spitzl, Vinzent"]
[Black "Piesik, Piotr"]
[Result "1/2-1/2"]
[WhiteElo "2365"]
[BlackElo "2426"]
[PlyCount "114"]
[EventDate "2024.02.06"]
[EventType "swiss (blitz)"]
[EventRounds "11"]
[EventCountry "USA"]
[SourceTitle "CB07_2024"]
[SourceDate "2024.02.14"]
[SourceVersion "1"]
[SourceVersionDate "2024.02.14"]
[SourceQuality "1"]

1. e4 e6 2. d4 d5 3. Nd2 c5 4. exd5 Qxd5 5. Ngf3 cxd4 6. Bc4 Qd7 7. 0-0 Nc6 8. Nb3 Nf6 9. Nbxd4 Nxd4 10. Qxd4 Qxd4 11. Nxd4 Bd7 12. Be2 Bc5 13. Nb3 Be7 14. Bf3 Bc6 15. Bxc6+ bxc6 16. Be3 Nd5 17. Bd4 f6 18. Rfe1 e5 19. Bc5 Bxc5 20. Nxc5 Kf7 21. a3 Rhd8 22. Rad1 Rab8 23. c4 Nf4 24. g3 Ne2+ 25. Kf1 Nd4 26. b4 Nc2 27. Rxd8 Rxd8 28. Rc1 Nxa3 29. Ra1 Nxc4 30. Rxa7+ Kg6 31. Ne6 Rg8 32. Rc7 Nd2+ 33. Kg2 h5 34. Rxc6 Kf5 35. Nc7 Ne4 36. b5 Rd8 37. Rc2 Rb8 38. Rc6 Rd8 39. Rc2 Rd6 40. Rb2 Nc5 41. b6 Nb7 42. h4 g5 43. hxg5 fxg5 44. Rb5 h4 45. Nd5 hxg3 46. Kxg3 Ke6 47. Ne3 Rd4 48. Ng4 Rd5 49. Rxd5 Kxd5 50. Ne3+ Kc5 51. Kg4 Kxb6 52. Kxg5 Kc5 53. Kf5 Kd4 54. Ng4 e4 55. Nf6 Nc5 56. Nxe4 Nxe4 57. Kf4 Nxf2 1/2-1/2

[Event "Titled Tuesday intern op 16th Jan Early"]
[Site "Chess.com INT"]
[Date "2024.01.16"]
[Round "11"]
[White "Baches Garcia, Guillermo"]
[Black "Piesik, Piotr"]
[Result "0-1"]
[WhiteElo "2327"]
[BlackElo "2421"]
[PlyCount "60"]
[EventDate "2024.01.16"]
[EventType "swiss (blitz)"]
[EventRounds "11"]
[EventCountry "USA"]
[SourceTitle "CB04_2024"]
[SourceDate "2023.10.16"]
[SourceVersion "1"]
[SourceVersionDate "2023.10.16"]
[SourceQuality "1"]

1. d4 c5 2. e3 Nf6 3. Nf3 d5 4. Be2 Bg4 5. h3 Bh5 6. a3 e6 7. 0-0 Nc6 8. dxc5 Bxc5 9. b4 Bd6 10. Bb2 0-0 11. c4 a5 12. b5 Nb8 13. Nbd2 Nbd7 14. Nd4 Bg6 15. cxd5 exd5 16. N2f3 Rc8 17. Rc1 Qe7 18. Rxc8 Rxc8 19. Qb3 Nc5 20. Qa2 Nd3 21. Bxd3 Bxd3 22. Rc1 Rxc1+ 23. Bxc1 Qc7 24. Qd2 Ne4 25. Qd1 Qc3 26. a4 g6 27. g3 Bc4 28. Kg2 Qa1 29. Qc2 Nc5 30. Nd2 Bd3 0-1

[Event "Titled Tuesday intern op 16th Jan Early"]
[Site "Chess.com INT"]
[Date "2024.01.16"]
[Round "9"]
[White "Morales Garcia, Sergio Joshafatt"]
[Black "Piesik, Piotr"]
[Result "0-1"]
[WhiteElo "2249"]
[BlackElo "2421"]
[PlyCount "86"]
[EventDate "2024.01.16"]
[EventType "swiss (blitz)"]
[EventRounds "11"]
[EventCountry "USA"]
[SourceTitle "CB04_2024"]
[SourceDate "2023.10.16"]
[SourceVersion "1"]
[SourceVersionDate "2023.10.16"]
[SourceQuality "1"]

1. d4 c5 2. d5 e5 3. Nc3 d6 4. e4 Be7 5. a4 Bg5 6. Nf3 Bxc1 7. Qxc1 Ne7 8. Bd3 0-0 9. h3 Ng6 10. Ne2 Nd7 11. a5 Nf6 12. g3 c4 13. Bxc4 Nxe4 14. Qe3 Nc5 15. h4 Ne7 16. Nxe5 Nf5 17. Qa3 Re8 18. Nf3 Qf6 19. 0-0-0 Bd7 20. Nf4 b5 21. Bd3 Rab8 22. Qb4 Na6 23. Qc3 Qh6 24. Bxf5 Bxf5 25. Nd4 Be4 26. Nc6 Bxh1 27. Nxb8 Rxb8 28. Rxh1 Nc5 29. b4 Ne4 30. Qe3 f5 31. Qxa7 Rf8 32. Qe7 Nxf2 33. Qe6+ Qxe6 34. Nxe6 Rc8 35. Rf1 Nd3+ 36. Kd2 Nxb4 37. Rxf5 Rxc2+ 38. Kd1 Rc8 39. h5 g6 40. Rg5 Kf7 41. hxg6+ hxg6 42. Nf4 Ra8 43. Rxg6 Nxd5 0-1

[Event "Titled Tuesday intern op 12th Dec Early"]
[Site "Chess.com INT"]
[Date "2023.12.12"]
[Round "1"]
[White "Melikhov, Evgeny V"]
[Black "Piesik, Piotr"]
[Result "0-1"]
[WhiteElo "2192"]
[BlackElo "2432"]
[PlyCount "64"]
[EventDate "2023.12.12"]
[EventType "swiss (blitz)"]
[EventRounds "11"]
[EventCountry "USA"]
[SourceTitle "CB51_2023"]
[SourceDate "2023.12.20"]
[SourceVersion "1"]
[SourceVersionDate "2023.12.20"]
[SourceQuality "1"]

1. d4 c5 2. d5 e5 3. e4 d6 4. Bb5+ Nd7 5. a4 Be7 6. Nc3 Bg5 7. Nf3 Bxc1 8. Qxc1 Ne7 9. 0-0 0-0 10. h3 Ng6 11. Re1 Nf4 12. Bf1 Qf6 13. Nh2 Qg6 14. g3 Nf6 15. h4 N6h5 16. Re3 f5 17. exf5 Bxf5 18. Ne2 Nxd5 19. Rb3 b6 20. Raa3 Bxc2 21. Rf3 Be4 22. Rxf8+ Rxf8 23. Qg5 Nhf6 24. Qxg6 Bxg6 25. Bh3 Nb4 26. Be6+ Bf7 27. Bxf7+ Kxf7 28. Nf3 h6 29. Nc3 Ke6 30. a5 Nfd5 31. axb6 axb6 32. Ra7 Rxf3 0-1

[Event "Rome City op 5th"]
[Site "Rome"]
[Date "2023.12.05"]
[Round "2"]
[White "Piesik, Piotr"]
[Black "Balabayeva, Kseniya"]
[Result "1-0"]
[WhiteElo "2432"]
[BlackElo "2244"]
[PlyCount "155"]
[EventDate "2023.12.04"]
[EventType "swiss"]
[EventRounds "9"]
[EventCountry "ITA"]
[SourceTitle "CB50_2023"]
[SourceDate "2023.12.13"]
[SourceVersion "1"]
[SourceVersionDate "2023.12.13"]
[SourceQuality "1"]

1. e4 c6 2. d4 d5 3. e5 Bf5 4. Nf3 e6 5. Be2 Nd7 6. 0-0 h6 7. Nbd2 Ne7 8. Nb3 g5 9. Ne1 Bg7 10. Nd3 0-0 11. f4 f6 12. g4 Bxd3 13. Bxd3 gxf4 14. exf6 Rxf6 15. Bxf4 e5 16. dxe5 Nxe5 17. g5 hxg5 18. Bxe5 Rxf1+ 19. Qxf1 Bxe5 20. Qh3 Qd6 21. Rf1 Bf4 22. Nd4 Qf6 23. Qh7+ Kf8 24. c3 c5 25. Ne2 c4 26. Bc2 Re8 27. Ng3 Ng8 28. Qxb7 Qe5 29. Nh5 Re7 30. Qc8+ Kf7 31. Ng3 Nf6 32. Qh3 Qe3+ 33. Kh1 g4 34. Qh4 Qd2 35. Nh5 Bg5 36. Rxf6+ Kg8 37. Rg6+ Kf8 38. Rf6+ Kg8 39. Qf2 Qe1+ 40. Kg2 Bxf6 41. Nxf6+ Kg7 42. Nh5+ Kg8 43. Nf4 Re3 44. Bd1 Re7 45. Qd4 Qe4+ 46. Qxe4 Rxe4 47. Kg3 d4 48. cxd4 Rxd4 49. Bxg4 Rd2 50. Be6+ Kg7 51. Bxc4 Rxb2 52. h4 Kh6 53. Kg4 Rh2 54. a4 Rb2 55. Bb5 Rb4 56. Kf5 Rd4 57. Ke5 Rb4 58. Be8 a6 59. Bc6 Rc4 60. Bd7 Rb4 61. Ng2 Rb2 62. Ne3 Rb4 63. Be8 Kg7 64. Nf5+ Kh7 65. h5 Rb6 66. Kd5 Rf6 67. Nd6 Rf1 68. Ne4 Kh6 69. Nc5 Rf6 70. Ne4 Rf5+ 71. Kc6 Re5 72. Bg6 Re6+ 73. Kc5 Kg7 74. Kb4 Re5 75. Nc5 a5+ 76. Kc4 Kh6 77. Kb5 Rg5 78. Kb6 1-0